|
|
|
|
| LEADER |
00000nab a2200000 a 4500 |
| 001 |
vtls000722430 |
| 003 |
SK-MaSNL |
| 005 |
20260304120741.0 |
| 008 |
250429c1999 xo 0 slo |
| 015 |
|
|
|a SNBRB2000/05-12761
|
| 035 |
|
|
|a CLN000074597
|
| 035 |
|
|
|a urn:nbn:sk:snk-abjs7
|
| 035 |
|
|
|a (urnnbn)urn:nbn:sk:snk:ar-a05k82
|
| 035 |
|
|
|a (uuid)f300cad3-3d95-4761-9ffa-9e07d0eaf8c2
|
| 040 |
|
|
|a SNKBUCL
|b slo
|c SNKBUCL
|e AACR2
|
| 041 |
0 |
|
|a slo
|
| 044 |
|
|
|a xo
|c SK
|
| 080 |
|
|
|a 614.2:362.11
|2 1997
|
| 080 |
|
|
|a 362.11
|2 1997
|
| 100 |
1 |
|
|a Harel, Yves
|4 aut
|9 1425074
|
| 245 |
1 |
0 |
|a Nemocnice a rok 2000...
|b pred, počas a po
|c Yves Harel ; preložila Z. Dudíková
|
| 650 |
0 |
7 |
|a nemocnice
|y 2000
|2 snkbucl
|9 1425075
|
| 655 |
|
7 |
|a články z novín a časopisov
|2 snkbucl
|9 267496
|
| 773 |
0 |
|
|t Moderný medicínsky manažment
|g Roč. 6, č. 3 (1999), s. 3-6
|x 1335-2326
|
| 850 |
|
|
|a Slovenská národná knižnica
|
| 852 |
|
|
|a Slovenská národná knižnica
|
| 954 |
|
|
|a odborná, vedecká literatúra pôvodná (slovenská)
|2 lita
|
| 958 |
|
|
|a article27
|
| 958 |
|
|
|a MI
|
| 958 |
|
|
|a OND
|
| 958 |
|
|
|a EUIPO
|
| 999 |
|
|
|c 2881326
|d 2883256
|